European Countries Ending in 'A' Quiz Stats

 Plays Quiz Updated Jul 13, 2016

Challenge
Share
Tweet
Embed
Score 0/18 Timer 03:00
5 Plays Today
% Correct
Latvia
88.6%
Lithuania
86.6%
Slovakia
86.4%
Austria
85.6%
Russia
85.3%
Albania
84.5%
Estonia
84.5%
Romania
84.4%
Slovenia
84.1%
% Correct
Bulgaria
82.6%
Croatia
81.3%
Andorra
80%
Serbia
79.1%
Malta
75%
Bosnia and Herzegovina
74.5%
Macedonia
74.2%
Moldova
70.2%
Czechia
60.8%

You're not logged in!

Compare scores with friends on all Sporcle quizzes.
OR
Log In

You Might Also Like...

Show Comments

Extras

Top Quizzes Today


Score Distribution

Your Account Isn't Verified!

In order to create a playlist on Sporcle, you need to verify the email address you used during registration. Go to your Sporcle Settings to finish the process.

Report this User

Report this user for behavior that violates our Community Guidelines.

Details: